| 000 | 00716nam a22001937a 4500 | ||
|---|---|---|---|
| 999 |
_c26284 _d26284 |
||
| 003 | BDDh-ASL | ||
| 005 | 20231016062613.0 | ||
| 008 | 211002s1995 b ||||| |||| 00| 0 b d | ||
| 040 | _cBDDh-ASL | ||
| 082 |
_a923.8 _bABI |
||
| 245 | 0 | 0 | _aঅবিস্মরণীয় মানিক মিয়া / |
| 246 | _aAbismaraniyo Manik Mia | ||
| 260 |
_aঢাকা: _bইত্তেফাক প্রকাশনা সংস্থা, _c১৯৯৫। |
||
| 300 |
_a৩১৯ পৃষ্ঠা, : _c২২ সে. মি. |
||
| 600 | 1 | 0 |
_94772 _aমিয়া, মানিক |
| 650 | 0 |
_92694 _aEssay |
|
| 650 | 0 |
_abiographical dictionary - চরিতাভিধান _94665 |
|
| 942 |
_2ddc _cBK |
||